NATO member countries - Sudden Death - Statistics

General Stats
  • This quiz has been taken 207 times
  • The average score is 6 of 15
Answers on the Grid
Answers color-coded by a green-red scale on the quiz's grid according to % correct below.
United Kingdom
Switzerland
North Macedonia
Greece
Ireland
Serbia
Bulgaria
Ukraine
Cyprus
Iceland
Malta
Austria
Belarus
Canada
Kosovo
Mexico
Moldova
Sweden
Georgia
Denmark
Bosnia and Herzegovina
Azerbaijan
Albania
Romania
Spain
Germany
France
Estonia
Russia
Poland
 
Answer Stats
Answer % Correct
United Kingdom
95%
Greece
66%
Spain
44%
Germany
43%
Iceland
43%
France
40%
Canada
39%
Estonia
39%
North Macedonia
37%
Bulgaria
36%
Denmark
36%
Poland
36%
Sweden
32%
Romania
29%
Albania
26%
No matching quizzes found
Score Distribution
Percent of People with Each Score
Percentile by Number Answered
Your Score History
You have not taken this quiz